书目信息 |
| 题名: |
马克思恩格斯要论精选
|
|
| 作者: | 高哲 , 温元 著 | |
| 分册: | ||
| 出版信息: | 北京 中央编译出版社 |
|
| 页数: | 450页 | |
| 开本: | 20cm | |
| 丛书名: | ||
| 单 册: | ||
| 中图分类: | A119 | |
| 科图分类: | ||
| 主题词: | 马恩著作--选集 , 马恩著作--文集 | |
| 电子资源: | ||
| ISBN: | 7-80109-381-X | |
| 000 | 00608nam0 2200217 450 | |
| 001 | 0653130640 | |
| 005 | 20060929144620.20 | |
| 010 | @a7-80109-381-X@dCNY28.00 | |
| 100 | @a20060929d km y0chiy0120 ea | |
| 101 | 0 | @achi |
| 102 | @aCN | |
| 200 | 1 | @a马克思恩格斯要论精选@Ama ke si en ge si yao lun jing xuan@f高哲,温元著@Fgao zhe,wen yuan zhu |
| 210 | @a北京@c中央编译出版社 | |
| 215 | @a450页@d20cm | |
| 606 | 0 | @a马恩著作@x选集 |
| 606 | 0 | @a马恩著作@x文集 |
| 690 | @aA119@v3 | |
| 701 | 0 | @a高哲@Agao zhe@4著 |
| 701 | 0 | @a温元@Awen yuan@4著 |
| 801 | 0 | @aCN@bNISOFT@c20060929 |
| 905 | @a10447@dA119@e9 | |
| 马克思恩格斯要论精选/高哲,温元著.-北京:中央编译出版社 |
| 450页;20cm |
| ISBN 7-80109-381-X:CNY28.00 |
| ● |
| 相关链接 |
|
|
|
|
正题名:马克思恩格斯要论精选
索取号:A119/9
 
预约/预借
| 序号 | 登录号 | 条形码 | 馆藏地/架位号 | 状态 | 备注 |
| 1 | 0493685 | 204936855 | 密集书库/ [索取号:A119/9] | 在馆 |